000
00249nam a22001097a 4500
082
_a
808.3 DIX'G
100
_a
DIXON, JEANE
_9
79457
245
_a
A GIFT OF PROPHECY THE PHENOMENAL
260
_a
NEWYORK
_b
BANTAN
_c
1966
300
_a
196P
942
_c
BK
999
_c
584498
_d
584498